[Event "Airthings Masters Prelim"]
[Site "chess24.com INT"]
[Date "2022.02.19"]
[Round "4.1"]
[White "Artemiev, Vladislav"]
[Black "Hansen, Eric"]
[Result "1/2-1/2"]
[WhiteElo "2700"]
[BlackElo "2606"]
[PlyCount "47"]
[GameId "2130307578386164"]
[EventDate "2022.02.19"]
[EventType "tourn (rapid)"]
[EventRounds "15"]
[EventCountry "GER"]
[EventCategory "19"]
[SourceTitle "The Week in Chess 1424"]
[Source "Mark Crowther"]
[SourceDate "2022.02.21"]
[SourceVersion "1"]
[SourceVersionDate "2022.02.21"]
[SourceQuality "2"]

1. c4 e5 2. Nc3 Nf6 3. Nf3 Nc6 4. d3 Bb4 5. Bd2 O-O 6. g3 Re8 7. Bg2 h6 8. O-O Bxc3 9. Bxc3 d5 10. cxd5 Nxd5 11. Qb3 Nxc3 12. bxc3 e4 13. dxe4 Rxe4 14. e3 Re8 15. Rfd1 Qf6 16. Qc4 Be6 17. Qf4 Qxc3 18. Qxc7 Re7 19. Qf4 Rd7 20. Rdc1 Qb2 21. Rcb1 Qc3 22. Rc1 Qb2 23. Rcb1 Qc3 24. Rc1 1/2-1/2

[Event "Airthings Masters Prelim"]
[Site "chess24.com INT"]
[Date "2022.02.20"]
[Round "5.8"]
[White "Hansen, Eric"]
[Black "Ding, Liren"]
[Result "1/2-1/2"]
[WhiteElo "2606"]
[BlackElo "2799"]
[PlyCount "148"]
[GameId "2130307578386178"]
[EventDate "2022.02.19"]
[EventType "tourn (rapid)"]
[EventRounds "15"]
[EventCountry "GER"]
[EventCategory "19"]
[SourceTitle "The Week in Chess 1424"]
[Source "Mark Crowther"]
[SourceDate "2022.02.21"]
[SourceVersion "1"]
[SourceVersionDate "2022.02.21"]
[SourceQuality "2"]

1. e4 c5 2. Nf3 d6 3. Bb5+ Nd7 4. c3 Ngf6 5. Qe2 a6 6. Ba4 b5 7. Bc2 Bb7 8. O-O e6 9. d4 Be7 10. Rd1 O-O 11. Nbd2 Qc7 12. Nf1 Rfc8 13. Bd3 a5 14. Ng3 b4 15. c4 cxd4 16. Nxd4 Nc5 17. b3 a4 18. Rb1 Ra6 19. Bc2 axb3 20. axb3 Ra2 21. Bb2 Qb6 22. h3 h6 23. Qe3 Rd8 24. Nde2 Qc6 25. Nd4 Qb6 26. Nde2 Bc6 27. Nf4 Qb7 28. Re1 Re8 29. Nd5 exd5 30. exd5 Bxd5 31. cxd5 Bf8 32. Qc1 Rxe1+ 33. Qxe1 Nxd5 34. Qd2 g6 35. Ne4 Rxb2 36. Rxb2 Nc3 37. Nxc5 dxc5 38. Bd3 Bg7 39. Rc2 h5 40. Bc4 Bd4 41. Qf4 Qe7 42. g3 Kg7 43. Kg2 f5 44. h4 Qe1 45. Qf3 Ne4 46. Bd3 Nd2 47. Qf4 Ne4 48. Bxe4 Qxe4+ 49. Qxe4 fxe4 50. Re2 e3 51. fxe3 Bc3 52. Kf3 c4 53. bxc4 b3 54. Rf2 b2 55. Rf1 Kf6 56. Ke4+ Ke6 57. Kd3 Be5 58. Kc2 Bxg3 59. Rg1 Bxh4 60. Rxg6+ Kf5 61. Rg8 Be7 62. Re8 Bd6 63. Rd8 Be5 64. c5 h4 65. Rf8+ Ke4 66. Rf7 h3 67. Rh7 h2 68. c6 Kxe3 69. Rxh2 Bxh2 70. Kxb2 Bc7 71. Kc3 Ke4 72. Kc2 Ke5 73. Kd2 Kd5 74. Kc2 Kxc6 1/2-1/2

[Event "Airthings Masters Prelim"]
[Site "chess24.com INT"]
[Date "2022.02.20"]
[Round "6.2"]
[White "Duda, Jan Krzysztof"]
[Black "Hansen, Eric"]
[Result "0-1"]
[WhiteElo "2760"]
[BlackElo "2606"]
[PlyCount "90"]
[GameId "2130307578386180"]
[EventDate "2022.02.19"]
[EventType "tourn (rapid)"]
[EventRounds "15"]
[EventCountry "GER"]
[EventCategory "19"]
[SourceTitle "The Week in Chess 1424"]
[Source "Mark Crowther"]
[SourceDate "2022.02.21"]
[SourceVersion "1"]
[SourceVersionDate "2022.02.21"]
[SourceQuality "2"]

1. e4 e5 2. Nf3 Nc6 3. Bb5 a6 4. Ba4 Nf6 5. O-O Be7 6. Re1 b5 7. Bb3 d6 8. c3 O-O 9. h3 Na5 10. Bc2 c5 11. d4 Nd7 12. Nbd2 Qc7 13. d5 c4 14. Nf1 Nb7 15. Ng3 g6 16. Bh6 Re8 17. Qd2 Nbc5 18. b4 cxb3 19. axb3 Nb6 20. h4 Bg4 21. h5 a5 22. Nh2 Bd7 23. Qe3 a4 24. Nf5 Bxf5 25. exf5 axb3 26. Rxa8 Rxa8 27. Bb1 Nc4 28. Qg3 e4 29. fxg6 fxg6 30. hxg6 Bf6 31. Ng4 Bg7 32. gxh7+ Kh8 33. Bg5 Rf8 34. Qh4 Qf7 35. Be7 Re8 36. Bf6 Rf8 37. Bd4 b2 38. Re2 Qg6 39. Ne3 Bxd4 40. cxd4 Nd3 41. Qe7 Re8 42. Qh4 Rf8 43. Qe7 Ra8 44. Nxc4 Nf4 45. Qxe4 Nxe2+ 0-1

[Event "Airthings Masters Prelim"]
[Site "chess24.com INT"]
[Date "2022.02.20"]
[Round "7.7"]
[White "Hansen, Eric"]
[Black "Aronian, Levon"]
[Result "1/2-1/2"]
[WhiteElo "2606"]
[BlackElo "2772"]
[PlyCount "183"]
[GameId "2130307578386190"]
[EventDate "2022.02.19"]
[EventType "tourn (rapid)"]
[EventRounds "15"]
[EventCountry "GER"]
[EventCategory "19"]
[SourceTitle "The Week in Chess 1424"]
[Source "Mark Crowther"]
[SourceDate "2022.02.21"]
[SourceVersion "1"]
[SourceVersionDate "2022.02.21"]
[SourceQuality "2"]

1. e4 e5 2. Nf3 Nc6 3. Bc4 Nf6 4. d3 h6 5. O-O d6 6. c3 g6 7. Re1 Bg7 8. d4 O-O 9. dxe5 dxe5 10. Qxd8 Rxd8 11. Nbd2 a5 12. Bb5 Ne8 13. b3 Nd6 14. Bf1 Be6 15. Ba3 a4 16. g3 b6 17. Kg2 Na7 18. Bxd6 cxd6 19. bxa4 Nc8 20. Bb5 Ra7 21. c4 Rc7 22. Nf1 h5 23. Ng5 Bd7 24. Ne3 Ne7 25. Rad1 Bh6 26. h4 f6 27. Bxd7 Rdxd7 28. Nf3 Bxe3 29. Rxe3 Rxc4 30. Rb3 Kf7 31. Rxb6 d5 32. exd5 Nxd5 33. Rbb1 Rxa4 34. Ra1 Ke6 35. Rd2 Rda7 36. Rc1 R7a6 37. Rcc2 Ra3 38. Rb2 Nc3 39. Rbc2 Kf5 40. Rd8 Rc6 41. Rd3 Nxa2 42. Rxc6 Rxd3 43. Ne1 Nb4 44. Nxd3 Nxc6 45. f3 Ke6 46. Kf2 Kd5 47. Ke3 Nd4 48. Nb4+ Kc4 49. Na6 Nf5+ 50. Kf2 Ne7 51. Ke3 Nd5+ 52. Ke4 Nc3+ 53. Ke3 f5 54. Nb8 Nd5+ 55. Ke2 e4 56. Nc6 Kc5 57. Ne5 Ne7 58. Ke3 Kd5 59. Nf7 Nc8 60. Nh8 Ne7 61. Nf7 exf3 62. Kxf3 Ke6 63. Ng5+ Ke5 64. Nf7+ Kf6 65. Ng5 Nd5 66. Nh3 Ke5 67. Nf2 Nb4 68. Nh3 Nd3 69. Ke3 Nc5 70. Nf4 Kf6 71. Nd5+ Kf7 72. Nf4 Ne4 73. Kf3 Nf6 74. Nd3 Ng4 75. Nf4 Ne5+ 76. Ke3 Nc4+ 77. Kd3 Nb6 78. Kd4 Nd7 79. Ke3 Nc5 80. Kf3 Nb7 81. Ke3 Nd8 82. Kf3 Nc6 83. Ke3 Ne7 84. Kd4 Kf6 85. Ke3 Nc8 86. Nd5+ Ke5 87. Nf4 Ne7 88. Kf3 Kd4 89. Ne6+ Kd5 90. Nf4+ Ke5 91. Nd3+ Kf6 92. Nf4 1/2-1/2

[Event "Airthings Masters Prelim"]
[Site "chess24.com INT"]
[Date "2022.02.20"]
[Round "8.3"]
[White "Mamedyarov, S."]
[Black "Hansen, Eric"]
[Result "0-1"]
[WhiteElo "2767"]
[BlackElo "2606"]
[PlyCount "108"]
[GameId "2130307578386194"]
[EventDate "2022.02.19"]
[EventType "tourn (rapid)"]
[EventRounds "15"]
[EventCountry "GER"]
[EventCategory "19"]
[SourceTitle "The Week in Chess 1424"]
[Source "Mark Crowther"]
[SourceDate "2022.02.21"]
[SourceVersion "1"]
[SourceVersionDate "2022.02.21"]
[SourceQuality "2"]

1. d4 Nf6 2. Bg5 d5 3. Nd2 c5 4. dxc5 e6 5. e4 Bxc5 6. Qe2 Be7 7. O-O-O O-O 8. f4 Nc6 9. Ngf3 Qa5 10. Kb1 a6 11. e5 Nd7 12. h4 Qa4 13. g3 Nc5 14. Bxe7 Nxe7 15. Nb3 Ne4 16. Qe1 Bd7 17. Bd3 Rfd8 18. Ng5 Bc6 19. Nxe4 dxe4 20. Nc5 Qd4 21. Nxe4 Nf5 22. Nd6 Bxh1 23. Bxf5 Qb6 24. Bxh7+ Kxh7 25. Qxh1 Rd7 26. a3 Qc6 27. Qf1 Kg8 28. h5 Rad8 29. Rd3 f5 30. Qd1 Qg2 31. c3 Kh7 32. Ka2 b5 33. Qb3 Re7 34. Qb4 Rc7 35. Rd4 Rdd7 36. Rd3 Qe2 37. Rd4 Qg2 38. Qb3 Re7 39. Rd3 Qe2 40. Qd1 Qg2 41. Qe1 Rc5 42. Rd2 Qf3 43. Qg1 Rd5 44. Rf2 Rd1 45. Rxf3 Rxg1 46. Rd3 Kh6 47. Kb3 Kxh5 48. Kb4 Kg4 49. Ka5 Rxg3 50. Rd1 Kxf4 51. Kxa6 Kxe5 52. Nxb5 f4 53. Re1+ Re3 54. Rg1 Kf6 0-1

[Event "Airthings Masters Prelim"]
[Site "chess24.com INT"]
[Date "2022.02.21"]
[Round "9.6"]
[White "Hansen, Eric"]
[Black "Giri, A."]
[Result "0-1"]
[WhiteElo "2606"]
[BlackElo "2772"]
[PlyCount "80"]
[GameId "2130307578386204"]
[EventDate "2022.02.19"]
[EventType "tourn (rapid)"]
[EventRounds "15"]
[EventCountry "GER"]
[EventCategory "19"]
[SourceTitle "The Week in Chess 1424"]
[Source "Mark Crowther"]
[SourceDate "2022.02.21"]
[SourceVersion "1"]
[SourceVersionDate "2022.02.21"]
[SourceQuality "2"]

1. e4 c5 2. Nf3 d6 3. Bb5+ Nd7 4. c3 Ngf6 5. Qe2 a6 6. Ba4 b5 7. Bc2 Bb7 8. O-O g6 9. d4 Bg7 10. Rd1 cxd4 11. cxd4 O-O 12. a3 Rc8 13. Nc3 Nb6 14. Bd3 Nc4 15. h3 Qb6 16. Bg5 h6 17. Bh4 e6 18. Bg3 Rfd8 19. Rac1 Na5 20. Bc2 b4 21. Na4 Qb5 22. Qxb5 axb5 23. Nb6 b3 24. Nxc8 bxc2 25. Ne7+ Kf8 26. Rxc2 Kxe7 27. e5 dxe5 28. Nxe5 Nd5 29. Rc5 Bxe5 30. dxe5 Ba6 31. f4 Rc8 32. Bh4+ Ke8 33. Rcxd5 exd5 34. Rxd5 Nc4 35. b3 Ne3 36. Rd2 Bb7 37. g4 Nd5 38. Rd4 Rc3 39. Kh2 Rxb3 40. a4 b4 0-1

[Event "Airthings Masters Prelim"]
[Site "chess24.com INT"]
[Date "2022.02.21"]
[Round "10.4"]
[White "Carlsen, Magnus"]
[Black "Hansen, Eric"]
[Result "0-1"]
[WhiteElo "2865"]
[BlackElo "2606"]
[PlyCount "65"]
[GameId "2130307578386209"]
[EventDate "2022.02.19"]
[EventType "tourn (rapid)"]
[EventRounds "15"]
[EventCountry "GER"]
[EventCategory "19"]
[SourceTitle "The Week in Chess 1424"]
[Source "Mark Crowther"]
[SourceDate "2022.02.21"]
[SourceVersion "1"]
[SourceVersionDate "2022.02.21"]
[SourceQuality "2"]

1. e4 e5 2. Nf3 Nc6 3. Bb5 a6 4. Ba4 Nf6 5. O-O Be7 6. Re1 b5 7. Bb3 d6 8. c3 O-O 9. h3 Na5 10. Bc2 c5 11. d4 Qc7 12. Nbd2 cxd4 13. cxd4 Nc6 14. Nb3 a5 15. Be3 a4 16. Nbd2 Nb4 17. Bb1 Bd7 18. a3 Nc6 19. Qe2 Qb7 20. Bd3 Rab8 21. Rec1 exd4 22. Nxd4 Ne5 23. Bc2 Rfe8 24. Re1 h6 25. Rad1 Bf8 26. Bb1 b4 27. f4 Ng6 28. Bd3 bxa3 29. bxa3 Qb2 30. Rb1 Nxf4 31. Qf1 Qc3 32. Bb5 Ng6 33. Bxa4 0-1

[Event "Airthings Masters Prelim"]
[Site "chess24.com INT"]
[Date "2022.02.21"]
[Round "11.5"]
[White "Hansen, Eric"]
[Black "Abdusattorov, Nodirbek"]
[Result "0-1"]
[WhiteElo "2606"]
[BlackElo "2651"]
[PlyCount "73"]
[GameId "2130307578386217"]
[EventDate "2022.02.19"]
[EventType "tourn (rapid)"]
[EventRounds "15"]
[EventCountry "GER"]
[EventCategory "19"]
[SourceTitle "The Week in Chess 1424"]
[Source "Mark Crowther"]
[SourceDate "2022.02.21"]
[SourceVersion "1"]
[SourceVersionDate "2022.02.21"]
[SourceQuality "2"]

1. e4 c5 2. Nf3 Nc6 3. Bb5 e5 4. O-O Bd6 5. a4 Nf6 6. d3 a6 7. Bc4 Be7 8. Nc3 O-O 9. Nd5 d6 10. c3 Be6 11. h3 Kh8 12. Ng5 Bxd5 13. exd5 Nb8 14. a5 Nbd7 15. b4 cxb4 16. cxb4 g6 17. Re1 Ne8 18. Nf3 f5 19. Rb1 Nc7 20. Be3 g5 21. b5 axb5 22. Bxb5 Nxd5 23. Bd2 Nf4 24. Bc4 Rb8 25. Rb5 Bf6 26. Bxf4 gxf4 27. Bd5 Qc7 28. Qb1 Nc5 29. Rc1 Qd7 30. d4 exd4 31. Bxb7 Rxb7 32. Rcxc5 Rfb8 33. Qxf5 Qxf5 34. Rxf5 Rxb5 35. Rxf6 Rd5 36. Re6 d3 37. Re1 0-1

[Event "Airthings Masters Prelim"]
[Site "chess24.com INT"]
[Date "2022.02.21"]
[Round "12.5"]
[White "Esipenko, Andrey"]
[Black "Hansen, Eric"]
[Result "1/2-1/2"]
[WhiteElo "2714"]
[BlackElo "2606"]
[PlyCount "138"]
[GameId "2130307578386225"]
[EventDate "2022.02.19"]
[EventType "tourn (rapid)"]
[EventRounds "15"]
[EventCountry "GER"]
[EventCategory "19"]
[SourceTitle "The Week in Chess 1424"]
[Source "Mark Crowther"]
[SourceDate "2022.02.21"]
[SourceVersion "1"]
[SourceVersionDate "2022.02.21"]
[SourceQuality "2"]

1. e4 e5 2. Nf3 Nc6 3. Bb5 a6 4. Ba4 Nf6 5. O-O Be7 6. Re1 b5 7. Bb3 d6 8. c3 O-O 9. h3 Na5 10. Bc2 c5 11. d4 Qc7 12. d5 Bd7 13. b3 c4 14. b4 Nb7 15. a4 g6 16. Bh6 Rfe8 17. a5 Nh5 18. Nbd2 f6 19. Nf1 Nd8 20. Qd2 Nf7 21. Be3 f5 22. exf5 gxf5 23. N3h2 Kh8 24. Ng3 Ng7 25. f4 Bh4 26. Nhf1 Qd8 27. Re2 Qf6 28. Rae1 Qg6 29. Bf2 Qh6 30. Be3 Qg6 31. Bf2 Qh6 32. fxe5 Bg5 33. Qd4 dxe5 34. Rxe5 Rxe5 35. Rxe5 Bf6 36. Be3 Qg6 37. Bf4 Bxe5 38. Bxe5 Nxe5 39. Qxe5 Re8 40. Qc7 Bc8 41. Bd1 Qf6 42. Ne2 Qe5 43. d6 Ne6 44. Qf7 Rg8 45. Neg3 Ng5 46. Qe7 Qxe7 47. dxe7 Re8 48. Bc2 f4 49. Nh5 Rxe7 50. Nxf4 Re1 51. Kf2 Rc1 52. Ne3 Bb7 53. Ne2 Ra1 54. Nf5 Ra2 55. Nfd4 Be4 56. Bxe4 Nxe4+ 57. Ke3 Nf6 58. Kf4 Kg7 59. Ke5 Kf7 60. g4 Rd2 61. Nf4 Nd7+ 62. Kd6 Nf6 63. Ke5 Nd7+ 64. Kf5 Rd1 65. g5 Re1 66. Nfe2 Rh1 67. Nf4 Re1 68. Nfe2 Rh1 69. Nf4 Re1 1/2-1/2

[Event "Airthings Masters Prelim"]
[Site "chess24.com INT"]
[Date "2022.02.22"]
[Round "13.4"]
[White "Hansen, Eric"]
[Black "Nepomniachtchi, I."]
[Result "1-0"]
[WhiteElo "2606"]
[BlackElo "2773"]
[PlyCount "105"]
[GameId "2130307578386231"]
[EventDate "2022.02.19"]
[EventType "tourn (rapid)"]
[EventRounds "15"]
[EventCountry "GER"]
[EventCategory "19"]
[SourceTitle "The Week in Chess 1425"]
[Source "Mark Crowther"]
[SourceDate "2022.02.28"]
[SourceVersion "1"]
[SourceVersionDate "2022.02.28"]
[SourceQuality "2"]

1. e4 c5 2. Nf3 e6 3. g3 Nc6 4. Bg2 Nf6 5. Qe2 d5 6. exd5 Qxd5 7. O-O Be7 8. Re1 O-O 9. b3 Nd4 10. Nxd4 Qxd4 11. Nc3 Rd8 12. Rd1 e5 13. Bb2 Bg4 14. Bf3 Bxf3 15. Qxf3 e4 16. Qe2 Bf8 17. d3 exd3 18. Rxd3 Qb4 19. Rad1 Rxd3 20. Rxd3 Re8 21. Qf3 h6 22. Kg2 Re6 23. Rd8 Qb6 24. Rb8 Rc6 25. Nd5 Nxd5 26. Qxd5 Qc7 27. Be5 Qe7 28. c4 Re6 29. Bf4 Rc6 30. h4 Kh7 31. h5 g5 32. hxg6+ Kxg6 33. Be5 f6 34. Bf4 Bg7 35. g4 Qe6 36. Qh5+ Kh7 37. Rxb7 Qe4+ 38. Kg3 f5 39. Qxf5+ Qxf5 40. gxf5 Kg8 41. Rxa7 Bd4 42. Be3 Bc3 43. Kg4 Kf8 44. Bf4 Bd4 45. Be3 Bc3 46. Rd7 Kg8 47. Rd5 Ra6 48. Rxc5 Rxa2 49. Rb5 Kf7 50. Rb7+ Kf6 51. Rb6+ Kf7 52. c5 Ra1 53. Rxh6 1-0

[Event "Chess.com Rapid Wk1 Swiss"]
[Site "chess.com INT"]
[Date "2022.02.12"]
[Round "2"]
[White "Niemann, Hans Moke"]
[Black "Hansen, Eric"]
[Result "1-0"]
[WhiteElo "2642"]
[BlackElo "2606"]
[PlyCount "99"]
[GameId "2130307578606696"]
[EventDate "2022.02.12"]
[EventType "swiss (rapid)"]
[EventRounds "9"]
[EventCountry "NET"]
[SourceTitle "The Week in Chess 1423"]
[Source "Mark Crowther"]
[SourceDate "2022.02.14"]
[SourceVersion "1"]
[SourceVersionDate "2022.02.14"]
[SourceQuality "2"]

1. e4 e5 2. Nf3 Nc6 3. Bb5 a6 4. Ba4 Nf6 5. O-O Be7 6. Re1 b5 7. Bb3 d6 8. c3 O-O 9. h3 Na5 10. Bc2 c5 11. d4 Qc7 12. Nbd2 Nd7 13. d5 c4 14. Nf1 Nc5 15. Ng3 Nab7 16. Be3 g6 17. Bh6 Re8 18. Qd2 f6 19. h4 Nd8 20. Be3 Bg4 21. Nh2 Bd7 22. h5 Nf7 23. Rf1 Kg7 24. Kh1 Rg8 25. f4 exf4 26. Bxf4 Ne5 27. Nf3 Kh8 28. b4 cxb3 29. axb3 a5 30. b4 axb4 31. Rxa8 Rxa8 32. cxb4 Nb7 33. Bxe5 dxe5 34. hxg6 Be8 35. Nh4 Bf8 36. Rxf6 Qe7 37. Qg5 Bg7 38. Qh5 Bxf6 39. Ngf5 Qd7 40. Qh6 Bxg6 41. Nxg6+ Kg8 42. Nge7+ Qxe7 43. Nxe7+ Bxe7 44. Qe6+ Kf8 45. Qxe5 Rd8 46. Qh8+ Kf7 47. Qxh7+ Kf8 48. e5 Rxd5 49. Qh8+ Kf7 50. Bb3 1-0

[Event "Chess.com Rapid Wk1 Swiss"]
[Site "chess.com INT"]
[Date "2022.02.12"]
[Round "3"]
[White "Hansen, Eric"]
[Black "Van Foreest, Jorden"]
[Result "0-1"]
[WhiteElo "2606"]
[BlackElo "2702"]
[PlyCount "64"]
[GameId "2130307578606699"]
[EventDate "2022.02.12"]
[EventType "swiss (rapid)"]
[EventRounds "9"]
[EventCountry "NET"]
[SourceTitle "The Week in Chess 1423"]
[Source "Mark Crowther"]
[SourceDate "2022.02.14"]
[SourceVersion "1"]
[SourceVersionDate "2022.02.14"]
[SourceQuality "2"]

1. e4 e5 2. Nf3 Nc6 3. Bb5 a6 4. Ba4 Nf6 5. O-O Nxe4 6. d4 b5 7. Bb3 d5 8. dxe5 Be6 9. c3 Bc5 10. Nbd2 O-O 11. Bc2 Nxf2 12. Rxf2 Bxf2+ 13. Kxf2 f6 14. Kg1 fxe5 15. Nf1 Qd6 16. Ng5 Bf5 17. Bb3 Ne7 18. Ng3 c6 19. Be3 h6 20. N5e4 Qg6 21. Bc5 Rf7 22. Nd6 Bg4 23. Qe1 Rf6 24. Qxe5 Re6 25. Qd4 Rf8 26. Nde4 Rf4 27. Bxe7 Rxe7 28. Re1 Kh8 29. Qb6 Qe8 30. h3 Bf5 31. Nd6 Rxe1+ 32. Kh2 Qf8 0-1

[Event "Chess.com Rapid Wk1 Swiss"]
[Site "chess.com INT"]
[Date "2022.02.12"]
[Round "5"]
[White "Hakobyan, Aram"]
[Black "Hansen, Eric"]
[Result "0-1"]
[WhiteElo "2601"]
[BlackElo "2606"]
[PlyCount "52"]
[GameId "2130307578606707"]
[EventDate "2022.02.12"]
[EventType "swiss (rapid)"]
[EventRounds "9"]
[EventCountry "NET"]
[SourceTitle "The Week in Chess 1423"]
[Source "Mark Crowther"]
[SourceDate "2022.02.14"]
[SourceVersion "1"]
[SourceVersionDate "2022.02.14"]
[SourceQuality "2"]

1. b3 e5 2. Bb2 Nc6 3. c4 Nf6 4. Nf3 e4 5. Nd4 Bc5 6. Nf5 O-O 7. e3 d6 8. Ng3 Re8 9. Bxf6 Qxf6 10. Nc3 Qh4 11. Be2 f5 12. O-O Be6 13. d4 exd3 14. Bxd3 g6 15. Nce2 Ne5 16. h3 a5 17. Bc2 Bf7 18. Qd2 a4 19. Rae1 axb3 20. axb3 Qxh3 21. b4 Qh4 22. Bxf5 Nxc4 23. Qc3 Ra3 24. Qc1 Bxb4 25. Rd1 Bc5 26. Bd7 Rexe3 0-1

[Event "Titled Tuesday 2022.01.11"]
[Site "chess.com INT"]
[Date "2022.01.11"]
[Round "3"]
[White "Hansen, Eric"]
[Black "Daneshvar, Bardiya"]
[Result "1-0"]
[WhiteElo "2606"]
[BlackElo "2405"]
[PlyCount "71"]
[GameId "2130307579507896"]
[EventDate "2022.01.11"]
[EventType "swiss (blitz)"]
[EventRounds "11"]
[EventCountry "NET"]
[SourceTitle "The Week in Chess 1419"]
[Source "Mark Crowther"]
[SourceDate "2022.01.17"]
[SourceVersion "1"]
[SourceVersionDate "2022.01.17"]
[SourceQuality "2"]

1. c4 c6 2. Nf3 d5 3. e3 Nf6 4. b3 Bf5 5. Bb2 e6 6. Be2 Be7 7. Nh4 Bxb1 8. Qxb1 O-O 9. Nf3 a5 10. a3 Na6 11. O-O Nc5 12. Qc2 a4 13. b4 Nb3 14. Rad1 Ne4 15. d3 Nd6 16. e4 Re8 17. Nd4 Nxd4 18. Bxd4 Bf8 19. f4 Qd7 20. Kh1 f5 21. exd5 exd5 22. Bf3 dxc4 23. dxc4 Qf7 24. Rc1 Ne4 25. Rfd1 Bd6 26. g3 Bc7 27. Kg2 h5 28. c5 Qg6 29. Qe2 Nxg3 30. Qc4+ Kh7 31. hxg3 Bxf4 32. Bf2 Bxc1 33. Rxc1 f4 34. Bxh5 Qe4+ 35. Qxe4+ Rxe4 36. Bf3 1-0

[Event "Titled Tuesday 2022.01.11"]
[Site "chess.com INT"]
[Date "2022.01.11"]
[Round "5"]
[White "Khripachenko, Alexander"]
[Black "Hansen, Eric"]
[Result "0-1"]
[WhiteElo "2288"]
[BlackElo "2606"]
[PlyCount "162"]
[GameId "2130307579512140"]
[EventDate "2022.01.11"]
[EventType "swiss (blitz)"]
[EventRounds "11"]
[EventCountry "NET"]
[SourceTitle "The Week in Chess 1419"]
[Source "Mark Crowther"]
[SourceDate "2022.01.17"]
[SourceVersion "1"]
[SourceVersionDate "2022.01.17"]
[SourceQuality "2"]

1. e4 d6 2. d4 Nf6 3. Nc3 e5 4. Nf3 Nbd7 5. Bc4 Be7 6. O-O O-O 7. a4 c6 8. Ba2 b6 9. Qe2 a6 10. d5 Bb7 11. dxc6 Bxc6 12. Bg5 b5 13. axb5 axb5 14. Bxf6 Nxf6 15. Rfd1 b4 16. Nxe5 bxc3 17. Nxc6 Qc7 18. Nxe7+ Qxe7 19. bxc3 Qxe4 20. Qxe4 Nxe4 21. Bd5 Rxa1 22. Rxa1 Nxc3 23. Bf3 d5 24. Ra5 Rd8 25. g3 g6 26. Rc5 d4 27. Kg2 Kg7 28. h4 h5 29. Rc6 Rd7 30. Rc5 Kf6 31. Rc6+ Ke5 32. Rc5+ Kd6 33. Rc6+ Ke7 34. Rc5 Rd6 35. Rc7+ Ke6 36. Rc5 Kf6 37. Rc7 Nb1 38. Be4 Nc3 39. Bd3 Nd5 40. Rc4 Nb6 41. Rc5 Nd7 42. Ra5 Ne5 43. Kf1 Nc6 44. Rb5 Ne5 45. Ke2 Re6 46. Kf1 Nf3 47. Kg2 Ne5 48. Rd5 Nc6 49. Bb5 Nb4 50. Rxd4 Nxc2 51. Rd2 Ne1+ 52. Kf1 Nf3 53. Rd3 Re1+ 54. Kg2 Ne5 55. Rd6+ Ke7 56. Rd5 Ng4 57. Rd2 Rc1 58. Be2 Ne5 59. f4 Nd7 60. Bf3 Rc3 61. Kf2 Nf6 62. Re2+ Kf8 63. Rd2 Ng8 64. Re2 Nh6 65. Be4 Ng4+ 66. Kg2 Kg7 67. Bf3 Ne3+ 68. Kf2 Nf5 69. Rd2 Ra3 70. Re2 Kf6 71. Rd2 Ke7 72. Rc2 Rxf3+ 73. Kxf3 Nd4+ 74. Ke4 Nxc2 75. f5 Kf6 76. fxg6 fxg6 77. Kf4 Nd4 78. g4 Ne6+ 79. Kg3 Ke5 80. Kf3 Kd4 81. Kg3 Ke3 0-1

[Event "Speed Chess Super Swiss"]
[Site "chess.com INT"]
[Date "2021.10.16"]
[Round "1"]
[White "Hansen, Eric"]
[Black "Nguyen, Hong Nhung"]
[Result "1-0"]
[WhiteElo "2606"]
[BlackElo "1697"]
[PlyCount "77"]
[GameId "2130307582233398"]
[EventDate "2021.10.16"]
[EventType "swiss (blitz)"]
[EventRounds "15"]
[EventCountry "NET"]
[SourceTitle "The Week in Chess 1406"]
[Source "Mark Crowther"]
[SourceDate "2021.10.18"]
[SourceVersion "2"]
[SourceVersionDate "2021.10.19"]
[SourceQuality "2"]

1. Nf3 f5 2. g3 Nf6 3. Bg2 g6 4. O-O Bg7 5. d3 O-O 6. c4 d6 7. Nc3 e5 8. b4 h6 9. b5 g5 10. Qb3 Kh7 11. Ba3 Nbd7 12. Na4 g4 13. Nh4 Nb6 14. c5 Nxa4 15. Qxa4 d5 16. c6 Re8 17. cxb7 Bxb7 18. Nxf5 Qd7 19. Nxg7 Kxg7 20. Qa5 c6 21. Rfc1 Rec8 22. Bb2 Qe6 23. Rc2 cxb5 24. Rc7+ Rxc7 25. Qxc7+ Qf7 26. Qxe5 Re8 27. Qf4 Bc8 28. Rc1 Be6 29. Rc7 Re7 30. Qxf6+ Qxf6 31. Rxe7+ Kg6 32. Bxf6 Kxf6 33. Rxa7 b4 34. Rb7 d4 35. Rxb4 Bxa2 36. Rxd4 Be6 37. Rf4+ Kg5 38. h4+ gxh3 39. Bf3 1-0

[Event "Speed Chess Super Swiss"]
[Site "chess.com INT"]
[Date "2021.10.16"]
[Round "2"]
[White "Grieve, Harry"]
[Black "Hansen, Eric"]
[Result "0-1"]
[WhiteElo "2320"]
[BlackElo "2606"]
[PlyCount "112"]
[GameId "2130307582233416"]
[EventDate "2021.10.16"]
[EventType "swiss (blitz)"]
[EventRounds "15"]
[EventCountry "NET"]
[SourceTitle "The Week in Chess 1406"]
[Source "Mark Crowther"]
[SourceDate "2021.10.18"]
[SourceVersion "2"]
[SourceVersionDate "2021.10.19"]
[SourceQuality "2"]

1. e4 c5 2. Nc3 e6 3. Nf3 a6 4. g3 Nc6 5. Bg2 d6 6. O-O Bd7 7. d4 cxd4 8. Nxd4 Rc8 9. Re1 Be7 10. a4 Nf6 11. Nxc6 Bxc6 12. Be3 Qa5 13. Qd4 O-O 14. b4 Qh5 15. h3 Rfd8 16. b5 Be8 17. Rab1 Nd7 18. bxa6 bxa6 19. Ne2 Qa5 20. Bd2 Qc7 21. Rec1 Ne5 22. a5 Nc4 23. Bb4 Bf6 24. Qd3 Rb8 25. Nd4 Rdc8 26. Bf1 h5 27. Kh2 h4 28. Rb3 Ba4 29. Rbb1 Qa7 30. c3 hxg3+ 31. fxg3 Qc7 32. Ra1 Be8 33. Ra2 Ne5 34. Qe3 Rxb4 35. Bxa6 Rxd4 36. Bxc8 Rd3 37. Qe2 Bg5 38. Rb1 Re3 39. Qg2 Bc6 40. a6 Qxc8 41. a7 Kh7 42. Rb8 Qc7 43. a8=Q Bxa8 44. Rbxa8 Qxc3 45. R8a3 Qxa3 46. Rxa3 Rxa3 47. h4 Bh6 48. Kh3 Nf3 49. Qf2 Ne5 50. Qe2 Rf3 51. Qg2 Rf6 52. Kh2 d5 53. Qg1 d4 54. Qg2 Nf3+ 55. Kh3 d3 56. Qh1 Ne5 0-1